Language Quiz

Random Language or Latin Quiz

Latin: Numbers Quiz Stats

 Plays Quiz Updated Feb 12, 2020

Support Sporcle.
Go Orange.
Score 0/20 Timer 03:00
0 Plays Today
Heading Answer % Correct
CardinalUnus
80.6%
CardinalDuo
76%
CardinalTres
74.3%
CardinalSex
69.4%
CardinalOcto
57.7%
OrdinalPrimus
51.3%
CardinalDecem
51.1%
CardinalSeptem
49.8%
CardinalNovem
48.5%
CardinalQuinque
44.7%
Heading Answer % Correct
OrdinalSecundus
43.7%
OrdinalTertius
36.7%
OrdinalSextus
35.1%
CardinalQuattuor
32.7%
OrdinalQuintus
32.2%
OrdinalSeptimus
30.7%
OrdinalDecimus
27.5%
OrdinalQuartus
27.2%
OrdinalNonus
24%
OrdinalOctavus
17.4%

From the Vault

When Harry Met Book Titles

by christopherjulia

Harry sure likes to try and solve mysteries, but he's no Sherlock Holmes.
Remove Ads.
Support Sporcle.
Get the best of Sporcle when you Go Orange. This ad-free experience offers more features, more stats, and more fun while also helping to support Sporcle. Thank you for becoming a member.

Show Comments

Extras

Top Quizzes Today


Score Distribution

Your Account Isn't Verified!

In order to create a playlist on Sporcle, you need to verify the email address you used during registration. Go to your Sporcle Settings to finish the process.

Report this User

Report this user for behavior that violates our Community Guidelines.

Details: